000 00870nam a2200265 i 4500
001 bg
003 BPK
005 20191026103814.0
008 010104s1979 pl a f |000 0 pol
015 _aPB 1979/10123
040 _aWA N
_cBPK
041 0 _apol
080 _a005.31
080 _a519.87
100 1 _aKoźmiński, Andrzej Krzysztof
_d(1941- )
_eAutor
245 1 0 _aAnaliza systemowa organizacji /
_cAndrzej K. Koźmiński.
250 _aWyd. 2 zm.
260 _aWarszawa :
_bPaństwowe Wydaw. Ekonomiczne,
_c1979.
300 _a416 s., [1] k. tabl. :
_bil., 5 tab. ;
_c20 cm.
504 _aBibliogr. s. 409-416.
650 4 _aAnaliza systemowa
710 2 _aPaństwowe Wydawnictwo Ekonomiczne
_4pbl.
942 _2UKD
_cKS
856 _uhttp://koha.tu.koszalin.pl/cgi-bin/koha/opac-detail.pl?biblionumber=21506
_yKatalog online BPK
999 _c21506
_d21506